| 000 | 00738nam a22002417a 4500 | ||
|---|---|---|---|
| 999 |
_c3933 _d3933 |
||
| 001 | 17972 | ||
| 003 | BD-DhUAP | ||
| 005 | 20210131123702.0 | ||
| 008 | 200315s2006 enk 001 0 eng d | ||
| 020 | _a9788174731326 | ||
| 040 |
_aDLC _cMoU _dBD-DhUAP _bEng |
||
| 082 | 0 | 0 |
_223 _a820.9 HUD |
| 100 | 1 | _aHudson, William Henry. | |
| 245 | 1 | 3 |
_aAn outline history of English literature / _cby William Henry Hudson. |
| 250 | _aLatest edition. | ||
| 260 |
_aNew Delhi : _bA.I.T.B.S. Publishers & Distributors, _c2009. |
||
| 300 |
_aviii, 319 pages ; _c19 cm. |
||
| 504 | _aIncludes index. | ||
| 650 | 0 |
_aEnglish literature _xHistory and criticism. |
|
| 942 |
_2ddc _cBK |
||